000 00255nam a22001217a 4500
008 170306b xxu||||| |||| 00| 0 eng d
041 _aeng
080 _a511
100 _a6
101 _aSHM
245 _aANATOMY PHYSIOLOGY
_cSTEEN.E.B
942 _2udc
_cBK
999 _c6875
_d6875